Modern Data Mining with Python (Record no. 13971)

MARC details
000 -LEADER
fixed length control field 00443nam a22001817a 4500
003 - CONTROL NUMBER IDENTIFIER
control field OSt
008 - FIXED-LENGTH DATA ELEMENTS--GENERAL INFORMATION
fixed length control field 260519b |||||||| |||| 00| 0 eng d
020 ## - INTERNATIONAL STANDARD BOOK NUMBER
International Standard Book Number 9789355519146
082 ## - DEWEY DECIMAL CLASSIFICATION NUMBER
Classification number 005.133 SEM
100 ## - MAIN ENTRY--PERSONAL NAME
Personal name SENGAR,Dushyant Singh
245 ## - TITLE STATEMENT
Title Modern Data Mining with Python
250 ## - EDITION STATEMENT
Edition statement 1st Ed Rep
260 ## - PUBLICATION, DISTRIBUTION, ETC. (IMPRINT)
Place of publication, distribution, etc New Delhi
Name of publisher, distributor, etc BPB Publication
300 ## - PHYSICAL DESCRIPTION
Extent 416p.
700 ## - ADDED ENTRY--PERSONAL NAME
Personal name CHANDRA,Vikash
942 ## - ADDED ENTRY ELEMENTS (KOHA)
Source of classification or shelving scheme Dewey Decimal Classification
Koha item type Text Books
Holdings
Withdrawn status Lost status Source of classification or shelving scheme Damaged status Not for loan Collection code Home library Current library Date acquired Source of acquisition Currency Cost, normal purchase price Bill Number Total Checkouts Full call number Acc. no. / Barcode Date last seen Actual Cost, discounted price Bill Date Koha item type
    Dewey Decimal Classification     BCA in Cloud Technology and Information Security PIET C-LIBRARY PIET C-LIBRARY 13/05/2026 Zafaa Books and Distributors INR 899.00 ZBD2026-27-0043   005.133 SEM BC2722 19/05/2026 656.30 13/05/2026 Reference Books
    Dewey Decimal Classification     BCA in Cloud Technology and Information Security PIET C-LIBRARY PIET C-LIBRARY 13/05/2026 Zafaa Books and Distributors INR 899.00 ZBD2026-27-0043   005.133 SEM BC2723 19/05/2026 656.30 13/05/2026 Text Books
    Dewey Decimal Classification     BCA in Cloud Technology and Information Security PIET C-LIBRARY PIET C-LIBRARY 13/05/2026 Zafaa Books and Distributors INR 899.00 ZBD2026-27-0043   005.133 SEM BC2724 19/05/2026 656.30 13/05/2026 Text Books
    Dewey Decimal Classification     BCA in Cloud Technology and Information Security PIET C-LIBRARY PIET C-LIBRARY 13/05/2026 Zafaa Books and Distributors INR 899.00 ZBD2026-27-0043   005.133 SEM BC2725 19/05/2026 656.30 13/05/2026 Text Books
    Dewey Decimal Classification     BCA in Cloud Technology and Information Security PIET C-LIBRARY PIET C-LIBRARY 13/05/2026 Zafaa Books and Distributors INR 899.00 ZBD2026-27-0043   005.133 SEM BC2726 19/05/2026 656.30 13/05/2026 Text Books

Design & Developed by: PIET Central Library
R70 Miles Stone Pattikalyana Samalkha Panipat 132102
mail ID :- [email protected], Phone No:- 0180-2569700 Ex.216